| 000 | 00694nam a22001937a 4500 | ||
|---|---|---|---|
| 005 | 20250926103821.0 | ||
| 010 | _aENG-146855 | ||
| 020 |
_a9789364682312 _c349.00 |
||
| 035 | _aEN-130387 | ||
| 037 | _bDBAD | ||
| 082 |
_21 _a000 |
||
| 100 |
_aRadhey Sir _985213 |
||
| 245 |
_aRailway Reasoning 5000+ Questions/ _cRadhey Sir |
||
| 260 |
_aUttar Pradesh _bS. Chand Publishing _c2025 |
||
| 270 |
_aD-92, Sector-2, Noida _bUttar Pradesh _e201301 _k61-120-4682700 |
||
| 300 |
_a312p. _c27cm(pb) |
||
| 500 | _aChapter-wise Coverage with Detailed Explanation & Short Tricks | NTPC CBT 1 & 2, RPF SI, RRB Group D RRB JE & Other Railway Exams 2025 | ||
| 942 |
_2ddc _cEN _mRAD _h000 |
||
| 999 |
_c213460 _d213460 |
||